000 01195nam a2200301 i 4500
003 DO-SdBNP
005 20250606133154.0
007 ta
008 250606b2010 dr ac||| |||| 00| 0 spa d
020 _a9789945468014
040 _aDO-SdBNP
_bspa
_cBNPHU
_erda
082 4 _axxx
_bxxx
_222
245 0 0 _aTrascendencia y esplendor /
_cJulio César Valentín Jiminián, Eugenio Pérez Montás, Abil Peralta Aguero, Danilo de los Santos, Marianne de Tolentino ; correcciones, Milagros Germán R.
264 1 _aSanto Domingo :
_bEditora Alfa & Omega,
_c2010.
300 _a400 páginas :
_bilustraciones y retratos ;
_c30 cm.
336 _atexto
_btxt
_2rdacontent
337 _asin mediación
_bn
_2rdamedia
338 _avolumen
_bnc
_2rdacarrier
590 _aInventariado, 2025/BT
700 1 _aValentín Jiminián, Julio César,
_eautor
_4aut.
_988016
700 1 _aPérez Montás, Eugenio,
_eautor
_4aut.
_913156
700 1 _aPeralta Aguero, Abil,
_eautor
_4aut.
_926618
700 1 _aSantos, Danilo, de los,
_eautor
_4aut.
_985530
700 1 _aTolentino, Marianne de,
_eautor
_4aut.
_915222
700 1 _aGermán R, Milagros,
_ecoordinador
_4corr.
_982526
910 _aBtavárez
942 _2ddc
_cLBS1
999 _c59163
_d59163